[Event "Belgrade Serbia op"]
[Site "Belgrade"]
[Date "2024.07.14"]
[Round "3"]
[White "Filip, Andrei"]
[Black "Khuslen, Erdenebayar"]
[Result "1-0"]
[WhiteElo "2325"]
[BlackElo "2139"]
[PlyCount "127"]
[EventDate "2024.07.12"]
[EventType "swiss"]
[EventRounds "9"]
[EventCountry "SRB"]
[SourceTitle "CBM 221 Extra"]
[Source "ChessBase"]
[SourceDate "2024.09.30"]
[SourceVersion "1"]
[SourceVersionDate "2024.09.30"]
[SourceQuality "1"]

1. e4 c5 2. Nf3 e6 3. d4 cxd4 4. Nxd4 Nc6 5. Nc3 a6 6. Nxc6 bxc6 7. Bd3 d5 8. 0-0 Nf6 9. Qf3 Be7 10. e5 Nd7 11. Qg3 g6 12. Bh6 a5 13. Ne2 Bf8 14. Bxf8 Kxf8 15. Nf4 Ba6 16. h4 Bxd3 17. cxd3 h5 18. Nh3 Qb6 19. Ng5 Kg7 20. Qf4 Rhf8 21. b3 c5 22. Qe3 a4 23. Rab1 axb3 24. Rxb3 Qc7 25. f4 c4 26. dxc4 dxc4 27. Rb2 Rfc8 28. Rc1 Qa7 29. Qxa7 Rxa7 30. Ne4 Rc6 31. Rcc2 f6 32. Rb5 fxe5 33. fxe5 Rb6 34. Rxb6 Nxb6 35. Ng5 Re7 36. g3 Nd7 37. Rxc4 Nxe5 38. Re4 Kf6 39. Rf4+ Kg7 40. a4 Ng4 41. a5 Nf6 42. a6 Nd5 43. Ra4 Nc7 44. a7 Na8 45. Kf2 Kf6 46. Ra6 Ke5 47. Ke3 Kf5 48. Ne4 Rd7 49. Nc5 Rc7 50. Ra5 e5 51. Kf3 Rf7 52. Ra6 e4+ 53. Nxe4 Re7 54. Ra5+ Ke6 55. Kf4 Kf7 56. Ra6 Kg7 57. Ng5 Re8 58. Re6 Rf8+ 59. Ke5 Rf5+ 60. Kd6 Nb6 61. Kc7 Na8+ 62. Kb7 Rf8 63. Re7+ Kf6 64. Rf7+ 1-0

[Event "Belgrade Serbia op"]
[Site "Belgrade"]
[Date "2024.07.13"]
[Round "2"]
[White "Todev, Simeon"]
[Black "Filip, Andrei"]
[Result "1-0"]
[WhiteElo "2138"]
[BlackElo "2325"]
[PlyCount "85"]
[EventDate "2024.07.12"]
[EventType "swiss"]
[EventRounds "9"]
[EventCountry "SRB"]
[SourceTitle "CBM 221 Extra"]
[Source "ChessBase"]
[SourceDate "2024.09.30"]
[SourceVersion "1"]
[SourceVersionDate "2024.09.30"]
[SourceQuality "1"]

1. e4 c5 2. Nf3 e6 3. d4 cxd4 4. Nxd4 Nc6 5. Be2 Nf6 6. Nc3 Qc7 7. 0-0 Be7 8. Be3 0-0 9. Qd2 a6 10. f4 d6 11. Rad1 Nxd4 12. Bxd4 e5 13. Be3 exf4 14. Bxf4 Be6 15. Bxd6 Bxd6 16. Qxd6 Qa5 17. Kh1 Rac8 18. a3 Qg5 19. Qb6 Bg4 20. Bxg4 Nxg4 21. Rd3 Rc6 22. Qg1 Rh6 23. Rh3 Rd8 24. Rxh6 Qxh6 25. Nd5 Re8 26. Rf4 f5 27. h3 Rxe4 28. Rxe4 fxe4 29. Ne7+ Kf7 30. Nf5 Qh5 31. Qc5 Kf6 32. Qf8+ Ke5 33. Nxg7 Qg6 34. Qe7+ Kf4 35. hxg4 Qxg4 36. Ne6+ Kf5 37. Qf7+ Ke5 38. Qc7+ Kf6 39. Qf4+ Qxf4 40. Nxf4 Kf5 41. Ne2 e3 42. g3 Ke4 43. Kg2 1-0